| 000 | 005880000a22001810004500 | ||
|---|---|---|---|
| 003 | MACL | ||
| 005 | 20160610115223.0 | ||
| 008 | 160610b xxu||||| |||| 00| 0 eng d | ||
| 040 |
_aMACL _cMACL |
||
| 041 | _aHindi | ||
| 082 | _a891.433 | ||
| 100 |
_aकालिया, रवीन्द्र _946643 |
||
| 245 |
_aखुदा सही सलामत है _cरवीन्द्र कालिया |
||
| 260 |
_bलोकभारती प्रकाशन _c1984 _aदिल्ली |
||
| 350 | _a100 | ||
| 650 |
_aNovel _963711 |
||
| 942 |
_cHIN _k891.433 _2ddc |
||
| 999 |
_c47099 _d47099 |
||